| 000 | 00545nam a2200229Ia 4500 | ||
|---|---|---|---|
| 005 | 20250425162642.0 | ||
| 008 | 250425s9999 xx 000 0 und d | ||
| 041 | _aspa | ||
| 043 | _aec | ||
| 082 | _a658.4092 | ||
| 100 | _aESTRADA AGUILAR, LEONARDO | ||
| 245 | 0 | _aINSTRUMENTOS PARA EL LIDERAZGO: MODULO 3 | |
| 250 | _a1A. ED. | ||
| 260 |
_aEcuador _bESPOL-ESPAE-FEN _c2011 |
||
| 260 | _aGUAYAQUIL | ||
| 300 | _a116 | ||
| 650 | _aDESARROLLO | ||
| 650 | _aLIDERAZGO | ||
| 700 | _aVALLEJO, MARTHA | ||
| 942 | _c01 | ||
| 010 | _a94142 | ||
| 999 |
_c233640 _d233640 |
||